[Event "Riga Tech op 11th"]
[Site "Riga"]
[Date "2022.08.15"]
[Round "1"]
[White "Wiegand, Christian"]
[Black "Abergel, Thal"]
[Result "0-1"]
[WhiteElo "1990"]
[BlackElo "2408"]
[PlyCount "110"]
[EventDate "2022.08.15"]
[EventType "swiss"]
[EventRounds "9"]
[EventCountry "LAT"]
[SourceTitle "CBM 209 Extra"]
[Source "ChessBase"]
[SourceDate "2022.09.30"]
[SourceVersion "1"]
[SourceVersionDate "2022.09.30"]
[SourceQuality "1"]

1. e4 c5 2. Nf3 d6 3. Bb5+ Nc6 4. Nc3 Bd7 5. 0-0 e6 6. Re1 a6 7. Bf1 g5 8. d4 g4 9. d5 gxf3 10. dxc6 Bxc6 11. Qxf3 Qf6 12. Qxf6 Nxf6 13. Bg5 Be7 14. Rad1 0-0-0 15. Rd3 Rhg8 16. Rg3 Rg6 17. Bc1 Rdg8 18. Rxg6 hxg6 19. Bg5 Bd8 20. f3 Nd7 21. Bxd8 Kxd8 22. a3 b5 23. b4 Kc7 24. Kf2 g5 25. h3 Ne5 26. Nb1 Rb8 27. Nd2 c4 28. g3 a5 29. f4 gxf4 30. gxf4 Ng6 31. Kg3 axb4 32. axb4 Ra8 33. Re3 Ra2 34. Rc3 d5 35. exd5 Bxd5 36. h4 Ne7 37. Bh3 Bc6 38. Nxc4 bxc4 39. Rxc4 Ra3+ 40. Kh2 Kd7 41. Rd4+ Ke8 42. Rc4 f5 43. Rc5 Be4 44. Bg2 Bxg2 45. Kxg2 Ng6 46. b5 Nxh4+ 47. Kh1 Ra2 48. Kh2 Ng6 49. Kg3 Rb2 50. c3 Kd7 51. Kf3 Ne7 52. Ke3 Kd6 53. Kd4 Rf2 54. b6 Rxf4+ 55. Ke3 Re4+ 0-1

[Event "Vellmar op 11th"]
[Site "Vellmar"]
[Date "2019.07.07"]
[Round "6"]
[White "Engel, Robert"]
[Black "Wiegand, Christian"]
[Result "1/2-1/2"]
[WhiteElo "2054"]
[BlackElo "1975"]
[PlyCount "99"]
[EventDate "2019.07.04"]
[EventType "swiss"]
[EventRounds "7"]
[EventCountry "GER"]
[SourceTitle "CBM 191 Extra"]
[Source "ChessBase"]
[SourceDate "2019.09.30"]
[SourceVersion "1"]
[SourceVersionDate "2019.09.30"]
[SourceQuality "1"]

1. e4 d5 2. exd5 Nf6 3. d4 Bg4 4. Bb5+ Nbd7 5. f3 Bf5 6. Nc3 a6 7. Bd3 Bxd3 8. Qxd3 Nb6 9. Nge2 Nfxd5 10. Nxd5 Qxd5 11. Nf4 Qc4 12. Qxc4 Nxc4 13. b3 Nd6 14. d5 0-0-0 15. Bb2 Nf5 16. 0-0-0 Rg8 17. h4 h5 18. Kb1 g6 19. Rd3 Bh6 20. Bc1 Rh8 21. c4 Bg7 22. Nh3 Ng3 23. Rhd1 Rhf8 24. Bf4 Nf5 25. g3 Rfe8 26. Ng5 e5 27. dxe6 Rxd3 28. Rxd3 fxe6 29. Ne4 Rd8 30. Rxd8+ Kxd8 31. Nc5 Nd4 32. Nxb7+ Kc8 33. Nc5 Bf8 34. Nxa6 Nxf3 35. b4 e5 36. Be3 Nd4 37. b5 Nf5 38. Bf2 e4 39. Kc2 e3 40. Be1 Bd6 41. Kd3 Bxg3 42. Bxg3 Nxg3 43. Kxe3 Nf5+ 44. Kf2 Nxh4 45. Nc5 Nf5 46. Nd3 Kb7 47. c5 Nd4 48. a4 c6 49. b6 Nb3 50. Ke3 1/2-1/2

[Event "Berlin Lichtenrade op 14th"]
[Site "Berlin"]
[Date "2018.10.31"]
[Round "5"]
[White "Stets, Dmitry"]
[Black "Wiegand, Christian"]
[Result "1-0"]
[WhiteElo "2373"]
[BlackElo "1930"]
[PlyCount "57"]
[EventDate "2018.10.27"]
[EventType "swiss"]
[EventRounds "9"]
[EventCountry "GER"]
[SourceTitle "CBM 187 Extra"]
[Source "ChessBase"]
[SourceDate "2018.11.04"]
[SourceVersion "1"]
[SourceVersionDate "2018.11.04"]
[SourceQuality "1"]

1. e4 d5 2. exd5 Nf6 3. c4 e6 4. d4 exd5 5. Nc3 Bb4 6. Nf3 0-0 7. Bd3 dxc4 8. Bxc4 Nc6 9. 0-0 Bg4 10. Be3 Bxc3 11. bxc3 Ne4 12. Rc1 Qf6 13. Be2 Rfe8 14. Qb3 Nd2 15. Nxd2 Bxe2 16. Rfe1 Ba6 17. Qa4 Qf5 18. c4 Qa5 19. Qc2 Nb4 20. Qb3 c5 21. a3 Nc6 22. dxc5 Rad8 23. Nf3 h6 24. h3 Qc7 25. Qc3 Qa5 26. Qb2 Rd3 27. Bxh6 Rxe1+ 28. Nxe1 Rd4 29. Nf3 1-0

[Event "Berlin Lichtenrade op 14th"]
[Site "Berlin"]
[Date "2018.10.29"]
[Round "3"]
[White "Polatel, Ali"]
[Black "Wiegand, Christian"]
[Result "1/2-1/2"]
[WhiteElo "2214"]
[BlackElo "1930"]
[PlyCount "180"]
[EventDate "2018.10.27"]
[EventType "swiss"]
[EventRounds "9"]
[EventCountry "GER"]
[SourceTitle "CBM 187 Extra"]
[Source "ChessBase"]
[SourceDate "2018.11.04"]
[SourceVersion "1"]
[SourceVersionDate "2018.11.04"]
[SourceQuality "1"]

1. Nf3 c5 2. c4 Nc6 3. d4 cxd4 4. Nxd4 Nf6 5. Nc3 e6 6. g3 Qb6 7. Ndb5 d5 8. cxd5 Bc5 9. e3 Nxd5 10. Bg2 0-0 11. 0-0 Nxc3 12. Nxc3 Rd8 13. Qe2 Be7 14. b3 Bf6 15. Bb2 Qb4 16. Rfd1 Bd7 17. Ne4 Bxb2 18. Qxb2 Be8 19. a3 Qe7 20. b4 Rxd1+ 21. Rxd1 Rd8 22. Rc1 Nb8 23. b5 b6 24. h4 h6 25. a4 Qd7 26. Bf3 a6 27. a5 bxa5 28. b6 Qb5 29. Qxb5 axb5 30. b7 Kf8 31. Nd6 Bd7 32. Rc5 Ke7 33. Nc8+ Kf8 34. Nd6 Ke7 35. Nc8+ Kf8 36. Na7 Ke7 37. Rc7 Kd6 38. Rc1 a4 39. Be2 b4 40. Nc8+ Ke5 41. Nb6 Kf6 42. Rc4 a3 43. Rxb4 a2 44. Nxd7+ Rxd7 45. Rf4+ Ke7 46. Ra4 Rxb7 47. Rxa2 Nd7 48. f4 Kf6 49. Ra5 Rb1+ 50. Kf2 Rb7 51. g4 g6 52. Kf3 Rc7 53. h5 Nc5 54. hxg6 Kxg6 55. Ra1 Nd7 56. Rd1 Nf6 57. Rd8 Ra7 58. Rd6 Ra5 59. Bc4 Kg7 60. Rb6 Rc5 61. Bb3 Nd5 62. Rb7 Kf6 63. Rd7 Nb6 64. Rd3 Nc8 65. e4 Rc7 66. e5+ Kg6 67. Ba2 h5 68. gxh5+ Kxh5 69. Ke4 Ne7 70. Rg3 Kh6 71. Bb1 Nf5 72. Rg1 Rc3 73. Bd3 Ra3 74. Rg8 Kh7 75. Rd8 Kg7 76. Rd7 Kf8 77. Rb7 Rc3 78. Rb8+ Kg7 79. Rb1 Ra3 80. Rg1+ Kf8 81. Rd1 Rc3 82. Rd2 Ra3 83. Kf3 Ne7 84. Kg4 Ra4 85. Kg5 Rd4 86. Rd1 Nd5 87. Bc2 Rxd1 88. Bxd1 Ke7 89. Bb3 Nxf4 90. Kxf4 f6 1/2-1/2

[Event "Goch op 25th"]
[Site "Goch"]
[Date "2014.09.07"]
[Round "7"]
[White "Wiegand, Christian"]
[Black "Schaefer, Michael2222"]
[Result "1/2-1/2"]
[WhiteElo "1965"]
[BlackElo "1757"]
[PlyCount "35"]
[EventDate "2014.09.04"]
[EventType "swiss"]
[EventRounds "7"]
[EventCountry "GER"]
[SourceTitle "EXT 2016"]
[Source "ChessBase"]
[SourceDate "2015.10.08"]
[SourceVersion "1"]
[SourceVersionDate "2015.10.08"]
[SourceQuality "1"]

1. Nf3 Nf6 2. c4 e6 3. g3 d5 4. Bg2 c6 5. b3 Nbd7 6. Bb2 Be7 7. 0-0 0-0 8. d4 b6 9. Nc3 Ba6 10. cxd5 cxd5 11. Rc1 Rc8 12. Re1 Bb4 13. a3 Bd6 14. Rc2 Qe7 15. Qb1 Bb7 16. b4 a6 17. Nd2 b5 18. Nb3 1/2-1/2

[Event "Goch op 22nd"]
[Site "Goch"]
[Date "2011.09.30"]
[Round "3"]
[White "Martin, Heiko"]
[Black "Wiegand, Christian"]
[Result "1/2-1/2"]
[WhiteElo "1849"]
[BlackElo "1998"]
[PlyCount "32"]
[EventDate "2011.09.29"]
[EventType "swiss"]
[EventRounds "7"]
[EventCountry "GER"]
[SourceTitle "EXT 2014"]
[Source "ChessBase"]
[SourceDate "2013.11.20"]
[SourceVersion "1"]
[SourceVersionDate "2013.11.20"]
[SourceQuality "1"]

1. c4 c5 2. Nc3 Nc6 3. g3 g6 4. Bg2 Bg7 5. e3 e5 6. Nge2 Nge7 7. 0-0 0-0 8. a3 d6 9. Rb1 a5 10. Nb5 Bf5 11. e4 Be6 12. d3 Na7 13. Nec3 Nxb5 14. Nxb5 Nc6 15. Bd2 Qd7 16. Qc1 Rfd8 1/2-1/2

[Event "Goch op 18th"]
[Site "Goch"]
[Date "2007.10.04"]
[Round "1"]
[White "Heinemann, Ernst"]
[Black "Wiegand, Christian"]
[Result "1-0"]
[WhiteElo "2216"]
[BlackElo "1779"]
[PlyCount "157"]
[EventDate "2007.10.04"]
[EventType "swiss"]
[EventRounds "7"]
[EventCountry "GER"]
[SourceTitle "EXT 2011"]
[Source "ChessBase"]
[SourceDate "2010.11.26"]
[SourceVersion "1"]
[SourceVersionDate "2010.11.26"]
[SourceQuality "1"]

1. e4 c5 2. Nf3 e6 3. d4 cxd4 4. Nxd4 Nc6 5. Nc3 Qc7 6. Nxc6 bxc6 7. Bd3 Bd6 8. h3 Ne7 9. Qg4 Ng6 10. 0-0 e5 11. Bc4 Bb4 12. Qg3 0-0 13. a3 Be7 14. Re1 Kh8 15. Bd2 d6 16. Rad1 f5 17. exf5 Bxf5 18. Bg5 Bxc2 19. Rd2 Bf5 20. Nd1 Bxg5 21. Qxg5 Nf4 22. Bf1 Rf6 23. Kh1 Raf8 24. Qg3 Rg6 25. Qc3 Qd7 26. Rxe5 Nd5 27. Rdxd5 cxd5 28. Rxd5 Be4 29. Rd2 Rc8 30. Qe3 Re8 31. Qc3 Qb7 32. Ne3 Qc8 33. Qxc8 Rxc8 34. Kh2 Re6 35. Be2 Rc6 36. Bg4 Re7 37. Bd1 g6 38. f3 Bf5 39. Nd5 Re5 40. Nb4 Rc7 41. f4 Re1 42. Bf3 h5 43. h4 Rd7 44. Nc6 Rb7 45. Ne5 dxe5 46. Bxb7 e4 47. Bc8 e3 48. Rd8+ Kg7 49. Bxf5 e2 50. Re8 gxf5 51. Kg3 Kf7 52. Re5 Kf6 53. Re3 a5 54. Kf2 Rf1+ 55. Kxe2 Rxf4 56. g3 Rc4 57. Rc3 Re4+ 58. Kf3 Rd4 59. Rc6+ Kg7 60. Rc5 a4 61. Rxf5 Kg6 62. Rg5+ Kh6 63. Rb5 Rc4 64. Rb6+ Kg7 65. Rb4 Rc2 66. Rxa4 Rxb2 67. Kf4 Rg2 68. Ra5 Kh6 69. Ra6+ Kg7 70. Rb6 Ra2 71. Rb3 Kf6 72. Ke4 Kg6 73. Ke5 Re2+ 74. Kd6 Kf5 75. Kc5 Kg4 76. a4 Re5+ 77. Kb4 Re1 78. a5 Ra1 79. Kb5 1-0